000 00709nam a22002057a 4500
999 _c481
_d481
003 AR-CdUCM
008 190223b ||||| |||| 00| 0 spa d
040 _aMUNICIPALIDAD PROVINCIAL DEL CUSCO
_cBIBLIOTECA MUNICIPAL DEL CUSCO
082 _a808.8 /
_bG15
100 _aGallico, Paul
_91897
245 _aLa Aventura de Poseidon /
_cGallico, Paul
260 _aBuenos Aires :
_bEmecé editores,
_c1969.
300 _a282 paginas ;
_c24cm.
505 _aEnsayo de Catastrofe -- La catastrofe -- La suspension de la sentencia -- Los Aventureros -- El arbol de navidad...
650 _aLiteratura
_983
650 _aAventura
_91719
650 _aSuspenso
_91627
942 _2ddc
_cLIBROS
945 _apjha
_d2019-02-23